[Event "12. Open International d'été de Nice"]
[Site "Niza FRA"]
[Date "2005.08.04"]
[Round "4.5"]
[White "Marholev, Dimitar"]
[Black "Bordi, Kevin"]
[Result "1/2-1/2"]
[WhiteElo "2423"]
[BlackElo "2263"]
[PlyCount "55"]
[EventDate "2005.08.01"]
[EventType "swiss"]
[EventCountry "FRA"]
[Source "lmi"]
[SourceDate "2005.08.05"]

1. e4 d5 2. exd5 Qxd5 3. Nc3 Qa5 4. d4 Nf6 5. Nf3 c6 6. Bc4 Bf5 7. Bd2 e6 8.
Qe2 Bb4 9. a3 Nbd7 10. O-O Bxc3 11. Bxc3 Qc7 12. a4 a5 13. b3 Nb6 14. Bd3 Nbd5
15. Bxf5 Nxc3 16. Qd2 Nce4 17. Bxe4 Nxe4 18. Qe3 Nf6 19. Ne5 O-O 20. Rfd1 Rfd8
21. c3 Nd7 22. h3 Nxe5 23. dxe5 c5 24. Kh2 b6 25. f4 g6 26. Qf3 Rxd1 27. Rxd1
Rd8 28. g3 1/2-1/2

[Event "12. Open International d'été de Nice"]
[Site "Niza FRA"]
[Date "2005.08.04"]
[Round "4.6"]
[White "Leer-Salvesen, Bjarte"]
[Black "Lazic, Miroljub"]
[Result "1-0"]
[WhiteElo "2374"]
[BlackElo "2485"]
[PlyCount "67"]
[EventDate "2005.08.01"]
[EventType "swiss"]
[EventCountry "FRA"]
[Source "lmi"]
[SourceDate "2005.08.05"]

1. c4 e5 2. g3 Nc6 3. Bg2 g6 4. Nc3 Bg7 5. Nf3 f5 6. d3 d6 7. O-O Nf6 8. Rb1 a5
9. a3 O-O 10. b4 axb4 11. axb4 h6 12. b5 Ne7 13. c5 Be6 14. b6 dxc5 15. bxc7
Qxc7 16. Nb5 Qb8 17. Nxe5 Ba2 18. Bf4 Qd8 19. Ra1 Nfd5 20. Qc2 Qa5 21. Nxg6
Bxa1 22. Nxe7+ Nxe7 23. Rxa1 Qxb5 24. Rxa2 Nc6 25. Be3 Nd4 26. Bd5+ Kh7 27.
Bxd4 Rxa2 28. Bxa2 cxd4 29. Qc7+ Kg6 30. Qd6+ Rf6 31. Qd8 Ra6 32. Qg8+ Kf6 33.
Qf7+ Ke5 34. Qe6+ 1-0

[Event "12. Open International d'été de Nice"]
[Site "Niza FRA"]
[Date "2005.08.04"]
[Round "4.8"]
[White "Theon, Pierre"]
[Black "Siebrecht, Sebastian"]
[Result "0-1"]
[WhiteElo "2222"]
[BlackElo "2487"]
[PlyCount "42"]
[EventDate "2005.08.01"]
[EventType "swiss"]
[EventCountry "FRA"]
[Source "lmi"]
[SourceDate "2005.08.05"]

1. e4 c5 2. a3 e6 3. b4 d5 4. exd5 Qxd5 5. Nc3 Qd8 6. Bb2 Nf6 7. Nf3 Nc6 8. b5
Nd4 9. Bd3 Be7 10. O-O O-O 11. Ne5 b6 12. Re1 Bb7 13. Re3 Qc7 14. f4 Nf5 15.
Rh3 Rfd8 16. g4 c4 17. gxf5 cxd3 18. fxe6 Bc5+ 19. Kf1 Rd4 20. exf7+ Kf8 21.
Rh4 Rxf4+ 0-1

[Event "12. Open International d'été de Nice"]
[Site "Niza FRA"]
[Date "2005.08.04"]
[Round "4.9"]
[White "Ivanov, Jordan"]
[Black "Lamorelle, Yves"]
[Result "1-0"]
[WhiteElo "2347"]
[BlackElo "2221"]
[PlyCount "106"]
[EventDate "2005.08.01"]
[EventType "swiss"]
[EventCountry "FRA"]
[Source "lmi"]
[SourceDate "2005.08.05"]

1. d4 Nf6 2. c4 g6 3. Nc3 Bg7 4. e4 O-O 5. Nf3 d6 6. h3 Na6 7. Bg5 c5 8. d5 Nc7
9. Bd3 e6 10. a4 Na6 11. O-O h6 12. Be3 Nb4 13. Bb1 e5 14. Qd2 Kh7 15. g4 h5
16. Ng5+ Kg8 17. f3 Nh7 18. Nxh7 Kxh7 19. Kh2 hxg4 20. fxg4 Qe7 21. Ra3 Bd7 22.
Ne2 Rh8 23. Bg5 f6 24. Be3 Kg8 25. Kg2 Rf8 26. Ng3 Rf7 27. Rh1 Qf8 28. Qf2 a5
29. Bc2 Bh6 30. Bd1 Bxe3 31. Rxe3 Rhh7 32. Rf3 Kg7 33. Rf1 Qe7 34. Ne2 Rh8 35.
Qg3 Rhf8 36. Nc3 Kg8 37. Qf2 Kg7 38. Qe3 Rh8 39. Kf2 Rff8 40. Ke1 Rf7 41. Kd2
Be8 42. Qf2 Bd7 43. Be2 Rhf8 44. b3 Rh8 45. Nd1 g5 46. Ne3 Rh6 47. Rh1 Kf8 48.
h4 Ke8 49. hxg5 Rxh1 50. gxf6 Qf8 51. g5 Qg8 52. Qg2 Rh4 53. g6 Rf8 1-0

[Event "12. Open International d'été de Nice"]
[Site "Niza FRA"]
[Date "2005.08.05"]
[Round "5.2"]
[White "Tortorella, Giancarlo"]
[Black "Le Roux, Jean-Pierre"]
[Result "0-1"]
[WhiteElo "1800"]
[BlackElo "2468"]
[PlyCount "68"]
[EventDate "2005.08.01"]
[EventType "swiss"]
[EventCountry "FRA"]
[Source "lmi"]
[SourceDate "2005.08.05"]

1. e4 g6 2. d4 Bg7 3. Nf3 d6 4. Bc4 Nf6 5. Nc3 O-O 6. h3 c6 7. O-O b5 8. Bd3 b4
9. Na4 Nbd7 10. Re1 Qc7 11. c3 a5 12. Bd2 Nb6 13. e5 Nfd5 14. c4 Nxa4 15. Qxa4
Nb6 16. Qc2 c5 17. exd6 exd6 18. d5 Bd7 19. Rab1 a4 20. Qc1 Rfe8 21. Bh6 Rxe1+
22. Nxe1 Qd8 23. Bxg7 Kxg7 24. Qf4 Qf6 25. Qxf6+ Kxf6 26. Nf3 Bf5 27. Bxf5 Kxf5
28. Nd2 Ke5 29. Kf1 Kd4 30. Rc1 Kd3 31. Ke1 Re8+ 32. Kd1 Re2 33. Rc2 Rxf2 34.
a3 Rxg2 0-1

[Event "12. Open International d'été de Nice"]
[Site "Niza FRA"]
[Date "2005.08.05"]
[Round "5.3"]
[White "Baron, Marian-Ovidiu"]
[Black "Leer-Salvesen, Bjarte"]
[Result "0-1"]
[WhiteElo "1699"]
[BlackElo "2374"]
[PlyCount "120"]
[EventDate "2005.08.01"]
[EventType "swiss"]
[EventCountry "FRA"]
[Source "lmi"]
[SourceDate "2005.08.05"]

1. e4 e6 2. d4 d5 3. Nd2 c5 4. Bb5+ Nc6 5. Ngf3 a6 6. Bxc6+ bxc6 7. O-O Nf6 8.
e5 Nd7 9. c3 Be7 10. b3 O-O 11. Qc2 a5 12. a4 Ba6 13. Re1 cxd4 14. cxd4 Rc8 15.
Ba3 Bxa3 16. Rxa3 c5 17. Qb2 Qb6 18. Raa1 h6 19. Rac1 cxd4 20. Nxd4 Nxe5 21.
Nf5 Rxc1 22. Rxc1 f6 23. Qd4 Qb8 24. Ng3 Rc8 25. Rxc8+ Qxc8 26. h3 Qc7 27. Qe3
Bc8 28. Nh5 Ng6 29. Qd3 Qc1+ 30. Kh2 Qc7+ 31. Kg1 Kf7 32. Qd4 Bb7 33. b4 e5 34.
Qb2 Qb6 35. b5 Qc5 36. Nb3 Qc7 37. Qd2 d4 38. Nxa5 Bd5 39. Nc6 Bxc6 40. bxc6
Qxc6 41. a5 Nh4 42. Qa2+ Kg6 43. f3 Kxh5 44. a6 d3 45. a7 Nxf3+ 46. gxf3 Qc1+
47. Kf2 Qc2+ 48. Qxc2 dxc2 49. a8=Q c1=Q 50. Qe8+ g6 51. Qe6 Qd2+ 52. Kf1 Qf4
53. Kg2 Kh4 54. Qa2 Qg3+ 55. Kh1 Qe1+ 56. Kh2 Qg3+ 57. Kh1 Qxf3+ 58. Kh2 e4 59.
Qe6 Qg3+ 60. Kh1 Qxh3+ 0-1

[Event "12. Open International d'été de Nice"]
[Site "Niza FRA"]
[Date "2005.08.05"]
[Round "5.4"]
[White "Tkachiev, Vladislav"]
[Black "Dragojlovic, Andjelko"]
[Result "1-0"]
[WhiteElo "2625"]
[BlackElo "2320"]
[PlyCount "67"]
[EventDate "2005.08.01"]
[EventType "swiss"]
[EventCountry "FRA"]
[Source "lmi"]
[SourceDate "2005.08.05"]

1. d4 Nf6 2. Bg5 e6 3. e3 c5 4. Nd2 d5 5. c3 Nc6 6. Ngf3 Be7 7. Bd3 b6 8. O-O
Bb7 9. Qe2 Qc7 10. Rad1 O-O 11. Bf4 Bd6 12. Bxd6 Qxd6 13. e4 dxe4 14. Nxe4 Nxe4
15. Qxe4 f5 16. Qe2 cxd4 17. Bc4 Kh8 18. Nxd4 Nxd4 19. Rxd4 Qc6 20. f3 Rf6 21.
Qe5 Rg6 22. Be2 Qc5 23. Rfd1 h6 24. Qxc5 bxc5 25. Rd8+ Kh7 26. Rxa8 Bxa8 27.
Rd7 e5 28. Rxa7 Bd5 29. Re7 e4 30. Kf2 e3+ 31. Kxe3 Rxg2 32. Bd3 Rxb2 33. Bxf5+
Kg8 34. a4 1-0

[Event "12. Open International d'été de Nice"]
[Site "Niza FRA"]
[Date "2005.08.05"]
[Round "5.6"]
[White "Siebrecht, Sebastian"]
[Black "Gachet, Sebastien"]
[Result "1-0"]
[WhiteElo "2487"]
[BlackElo "2269"]
[PlyCount "107"]
[EventDate "2005.08.01"]
[EventType "swiss"]
[EventCountry "FRA"]
[Source "lmi"]
[SourceDate "2005.08.05"]

1. d4 Nf6 2. Nf3 g6 3. c4 Bg7 4. Nc3 O-O 5. e4 d6 6. h3 e5 7. d5 a5 8. Bg5 Na6
9. Be2 Nc5 10. Nd2 h6 11. Be3 Nfd7 12. g4 c6 13. h4 f6 14. b3 Na6 15. Nf1 Ndc5
16. Ng3 a4 17. Rb1 axb3 18. axb3 Nb4 19. Qd2 Ra3 20. Na4 Qa5 21. Nxc5 dxc5 22.
O-O Kh7 23. Rfd1 b6 24. Kg2 Bd7 25. Rb2 Ra8 26. g5 fxg5 27. hxg5 h5 28. dxc6
Bxc6 29. Qd6 Ra1 30. Rbb1 Rxb1 31. Rxb1 Qa2 32. Bxh5 Qxb1 33. Bxg6+ Kh8 34. Qe6
Qd3 35. Qh3+ Kg8 36. Qh7+ Kf8 37. Nh5 Qd7 38. Bf5 Bxe4+ 39. Bxe4 Qg4+ 40. Ng3
Ra1 41. Bf5 Qd1 42. Qg6 Qd8 43. Be6 Qe7 44. Qf5+ Ke8 45. g6 Qb7+ 46. f3 Ra2+
47. Kh3 Nc2 48. Bf7+ Kd8 49. Bg5+ Kc7 50. Bf6 Bxf6 51. Qxf6 Nd4 52. Qxe5+ Kc8
53. Qe8+ Kc7 54. Bd5 1-0

[Event "12. Open International d'été de Nice"]
[Site "Niza FRA"]
[Date "2005.08.05"]
[Round "5.7"]
[White "Giraud, Sylvain"]
[Black "Marholev, Dimitar"]
[Result "0-1"]
[WhiteElo "2015"]
[BlackElo "2423"]
[PlyCount "63"]
[EventDate "2005.08.01"]
[EventType "swiss"]
[EventCountry "FRA"]
[Source "lmi"]
[SourceDate "2005.08.05"]

1. e4 e5 2. Nf3 Nc6 3. Bb5 g6 4. O-O Bg7 5. Re1 a6 6. Bc4 d6 7. h3 Nf6 8. d3
O-O 9. a4 h6 10. Be3 d5 11. exd5 Nxd5 12. Bd2 b6 13. Nc3 Nde7 14. Rb1 Bb7 15.
b4 Nf5 16. b5 axb5 17. axb5 Ncd4 18. Nxe5 Nh4 19. Nc6 Nxc6 20. bxc6 Bxc6 21.
Ne4 Kh8 22. Qc1 Nxg2 23. Kxg2 f5 24. Bxh6 fxe4 25. Bxg7+ Kxg7 26. dxe4 Qh4 27.
Qe3 Rae8 28. f3 Re5 29. Bf1 Rg5+ 30. Kh1 Qg3 31. Rb3 Rxf3 32. Qd4+ 0-1

[Event "12. Open International d'été de Nice"]
[Site "Niza FRA"]
[Date "2005.08.05"]
[Round "5.8"]
[White "Bordi, Kevin"]
[Black "Gorbatov, Alexej"]
[Result "1/2-1/2"]
[WhiteElo "2263"]
[BlackElo "2418"]
[PlyCount "81"]
[EventDate "2005.08.01"]
[EventType "swiss"]
[EventCountry "FRA"]
[Source "lmi"]
[SourceDate "2005.08.05"]

1. e4 g6 2. d4 Bg7 3. c4 Nc6 4. Nf3 d6 5. d5 Nb8 6. h3 Na6 7. Bd3 Nc5 8. O-O
Nf6 9. Nc3 Nxd3 10. Qxd3 O-O 11. Be3 e6 12. Rac1 Nd7 13. b4 a5 14. a3 axb4 15.
axb4 Ra3 16. Qd2 Nf6 17. Bd4 exd5 18. cxd5 Rb3 19. e5 dxe5 20. Bxe5 Rxb4 21. d6
c6 22. Bxf6 Bxf6 23. d7 Qxd7 24. Nd5 Qxd5 25. Qxb4 Rd8 26. Qf4 Kg7 27. Rc2 Qf5
28. Qc7 Be6 29. Nh2 h5 30. Re1 Qd3 31. Nf1 Ra8 32. Rd2 Qb3 33. Rde2 Ra1 34. Qf4
Rxe1 35. Rxe1 c5 36. Ng3 Qc3 37. Re3 Qd4 38. Qc7 Bd5 39. Ne2 Qa1+ 40. Kh2 Bc6
41. Qb8 1/2-1/2

[Event "12. Open International d'été de Nice"]
[Site "Niza FRA"]
[Date "2005.08.05"]
[Round "5.9"]
[White "Ribreau, Herve"]
[Black "Libiszewski, Fabien"]
[Result "0-1"]
[WhiteElo "2242"]
[BlackElo "2413"]
[PlyCount "46"]
[EventDate "2005.08.01"]
[EventType "swiss"]
[EventCountry "FRA"]
[Source "lmi"]
[SourceDate "2005.08.05"]

1. c4 e5 2. Nc3 Nf6 3. Nf3 Nc6 4. e3 Bb4 5. Qc2 O-O 6. Nd5 Re8 7. a3 Bf8 8. Qf5
Nxd5 9. cxd5 d6 10. Qc2 Ne7 11. Bc4 Ng6 12. h4 e4 13. h5 Nf4 14. exf4 exf3+ 15.
Kf1 Qf6 16. d3 Re2 17. Qd1 Bg4 18. gxf3 Bxf3 19. Qxe2 Bxe2+ 20. Kxe2 c6 21. Be3
b5 22. Ba2 Qxb2+ 23. Kf3 c5 0-1

[Event "12. Open International d'été de Nice"]
[Site "Niza FRA"]
[Date "2005.08.05"]
[Round "5.10"]
[White "Zermiche, Cherif"]
[Black "Ivanov, Jordan"]
[Result "0-1"]
[WhiteElo "1971"]
[BlackElo "2347"]
[PlyCount "64"]
[EventDate "2005.08.01"]
[EventType "swiss"]
[EventCountry "FRA"]
[Source "lmi"]
[SourceDate "2005.08.05"]

1. e4 c5 2. Nc3 Nc6 3. f4 g6 4. Nf3 Bg7 5. Bc4 e6 6. d3 Nge7 7. O-O O-O 8. Qe1
Nd4 9. Nxd4 cxd4 10. Ne2 d5 11. Bb3 a5 12. a4 dxe4 13. dxe4 d3 14. Nc3 Nc6 15.
Be3 dxc2 16. Bxc2 Nb4 17. Bb3 b6 18. Rd1 Qe7 19. Bxb6 Ba6 20. Rf3 Nd3 21. Rfxd3
Bxd3 22. Rxd3 Qb4 23. Qe3 Qxb3 24. e5 Qxb2 25. h4 h5 26. Bd4 Rac8 27. Kh2 Rc4
28. Ne4 Qc1 29. Qf3 Rd8 30. Nd6 Rxa4 31. Qb7 Qxf4+ 32. Kh3 Bxe5 0-1

[Event "12. Open International d'été de Nice"]
[Site "Niza FRA"]
[Date "2005.08.05"]
[Round "6.1"]
[White "Leer-Salvesen, Bjarte"]
[Black "Dunis, Aurelien"]
[Result "0-1"]
[WhiteElo "2374"]
[BlackElo "2485"]
[PlyCount "58"]
[EventDate "2005.08.01"]
[EventType "swiss"]
[EventCountry "FRA"]
[Source "lmi"]
[SourceDate "2005.08.05"]

1. c4 Nf6 2. Nf3 e6 3. g3 d5 4. Bg2 dxc4 5. Qa4+ Nbd7 6. Qxc4 c5 7. Qb3 Rb8 8.
a4 b6 9. d3 Bd6 10. O-O Bb7 11. Na3 a6 12. Nc4 Bc7 13. e4 O-O 14. Bd2 b5 15.
axb5 axb5 16. Ne3 c4 17. dxc4 Bxe4 18. Bc3 b4 19. Bd4 Qe7 20. Rfd1 Nc5 21. Bxc5
Qxc5 22. Nd4 Rfd8 23. Nb5 Bb6 24. Rxd8+ Rxd8 25. Rd1 Ra8 26. Bxe4 Nxe4 27. Qd3
Qe5 28. f4 Qxb2 29. Qxe4 Ra2 0-1

[Event "12. Open International d'été de Nice"]
[Site "Niza FRA"]
[Date "2005.08.05"]
[Round "6.2"]
[White "Le Roux, Jean-Pierre"]
[Black "Tkachiev, Vladislav"]
[Result "0-1"]
[WhiteElo "2468"]
[BlackElo "2625"]
[PlyCount "56"]
[EventDate "2005.08.01"]
[EventType "swiss"]
[EventCountry "FRA"]
[Source "lmi"]
[SourceDate "2005.08.05"]

1. d4 Nf6 2. c4 c6 3. Nc3 d5 4. Nf3 e6 5. Bg5 h6 6. Bxf6 Qxf6 7. g3 Nd7 8. Bg2
dxc4 9. O-O Be7 10. e3 O-O 11. Qe2 e5 12. Rfe1 Qe6 13. Rad1 Bb4 14. e4 Bxc3 15.
bxc3 b5 16. h4 Re8 17. Kh2 Qe7 18. Qb2 exd4 19. cxd4 b4 20. d5 c3 21. Qc1 Qc5
22. dxc6 Nf6 23. Kg1 Ng4 24. Rd4 Ne5 25. Rd5 Nxf3+ 26. Bxf3 Qxc6 27. e5 Be6 28.
Rd3 Qc4 0-1

[Event "12. Open International d'été de Nice"]
[Site "Niza FRA"]
[Date "2005.08.05"]
[Round "6.3"]
[White "Ivanov, Jordan"]
[Black "Siebrecht, Sebastian"]
[Result "0-1"]
[WhiteElo "2347"]
[BlackElo "2487"]
[PlyCount "108"]
[EventDate "2005.08.01"]
[EventType "swiss"]
[EventCountry "FRA"]
[Source "lmi"]
[SourceDate "2005.08.05"]

1. Nf3 c5 2. c4 Nf6 3. Nc3 Nc6 4. e3 e6 5. d4 cxd4 6. exd4 d5 7. cxd5 Nxd5 8.
Bd3 Be7 9. O-O O-O 10. Re1 Ncb4 11. Bb1 b6 12. a3 Nxc3 13. bxc3 Nd5 14. Qd3 Nf6
15. Bg5 g6 16. Ne5 Bb7 17. Bh6 Re8 18. Qh3 Qd6 19. Bf4 Qd8 20. Bh6 Qd6 21. Ba2
Bf8 22. Bg5 Bg7 23. Bxf6 Bxf6 24. Nxf7 Kxf7 25. Qxh7+ Bg7 26. Bb1 e5 27. Ba2+
Bd5 28. Re3 e4 29. Bxd5+ Qxd5 30. Qh4 Re6 31. Qf4+ Kg8 32. Qc7 Bf8 33. Qf4 Rc8
34. f3 Qf5 35. Qh4 Be7 36. Qe1 Bg5 37. Rxe4 Rce8 38. Rxe6 Rxe6 39. Qf1 Qc2 40.
f4 Be7 41. Qc4 Qe2 42. Qc8+ Kf7 43. Rf1 Qe3+ 44. Kh1 Kg7 45. h3 Rf6 46. Qc7 Rf7
47. Qxa7 Bd6 48. Qa6 Rxf4 49. a4 Rf2 50. a5 Qg3 51. Qb7+ Kh6 52. Kg1 Rxf1+ 53.
Kxf1 Qd3+ 54. Kg1 Qe3+ 0-1

[Event "12. Open International d'été de Nice"]
[Site "Niza FRA"]
[Date "2005.08.05"]
[Round "6.6"]
[White "Libiszewski, Fabien"]
[Black "Zigangirova, Sofya"]
[Result "1-0"]
[WhiteElo "2413"]
[BlackElo "2296"]
[PlyCount "133"]
[EventDate "2005.08.01"]
[EventType "swiss"]
[EventCountry "FRA"]
[Source "lmi"]
[SourceDate "2005.08.05"]

1. e4 c5 2. d3 g6 3. g3 Bg7 4. Bg2 Nc6 5. f4 e6 6. Nf3 Nge7 7. O-O Rb8 8. c3 b5
9. Be3 d6 10. d4 cxd4 11. cxd4 d5 12. e5 a5 13. Nbd2 a4 14. Bf2 O-O 15. Re1 Qb6
16. Nf1 Bd7 17. Ne3 b4 18. Ng4 f5 19. exf6 Bxf6 20. Nxf6+ Rxf6 21. Qxa4 Rff8
22. Qd1 Nf5 23. Ne5 Qb7 24. Rc1 Rbc8 25. Nd3 Ng7 26. Nc5 Qa7 27. Qd2 Rfe8 28.
g4 Kh8 29. h3 Re7 30. Bf1 Rf7 31. Bb5 Qb6 32. Bxc6 Rxc6 33. Nxd7 Rxd7 34. Rxc6
Qxc6 35. Qxb4 h6 36. Qc5 Qb7 37. Rc1 Kh7 38. b4 Rf7 39. Be3 Qa6 40. Qc2 Ne8 41.
Qc6 Qe2 42. Qxe6 Ng7 43. Qe5 Ra7 44. Bf2 Qb2 45. Rf1 Rxa2 46. f5 gxf5 47. gxf5
Qc2 48. f6 Qg6+ 49. Bg3 Ra3 50. Kh2 Ra2+ 51. Rf2 Rxf2+ 52. Bxf2 Nh5 53. Qe7+
Kg8 54. Qd8+ Kh7 55. Qd7+ Kg8 56. Qxd5+ Kf8 57. Qd8+ Kf7 58. Qe7+ Kg8 59. Qe6+
Kf8 60. b5 Nxf6 61. b6 Qg7 62. b7 Qc7+ 63. Qe5 Qxe5+ 64. dxe5 Nd7 65. Ba7 Ke7
66. b8=Q Nxb8 67. Bxb8 1-0

[Event "12. Open International d'été de Nice"]
[Site "Niza FRA"]
[Date "2005.08.05"]
[Round "6.7"]
[White "Govciyan, Pavel"]
[Black "Gorbatov, Alexej"]
[Result "0-1"]
[WhiteElo "2328"]
[BlackElo "2418"]
[PlyCount "58"]
[EventDate "2005.08.01"]
[EventType "swiss"]
[EventCountry "FRA"]
[Source "lmi"]
[SourceDate "2005.08.05"]

1. d4 Nf6 2. c4 e6 3. g3 c5 4. d5 exd5 5. cxd5 b5 6. Bg2 d6 7. Nh3 g6 8. O-O
Bg7 9. f4 Bxh3 10. Bxh3 O-O 11. a4 b4 12. Qd3 Re8 13. Nd2 a5 14. Bg2 Nbd7 15.
h3 Nb6 16. Ra2 b3 17. Ra3 Nfxd5 18. Nc4 Nb4 19. Qxb3 d5 20. Nxb6 Qxb6 21. Qf3
c4+ 22. Kh1 Nc2 23. f5 Nxa3 24. fxg6 Qxg6 25. Qxa3 Rad8 26. Bf4 Rxe2 27. Qc5
Rxg2 28. Kxg2 Qe4+ 29. Kh2 Bd4 0-1

[Event "12. Open International d'été de Nice"]
[Site "Niza FRA"]
[Date "2005.08.05"]
[Round "6.8"]
[White "Mohorea, Vasile"]
[Black "Mrdja, Milan"]
[Result "1/2-1/2"]
[WhiteElo "2157"]
[BlackElo "2352"]
[PlyCount "120"]
[EventDate "2005.08.01"]
[EventType "swiss"]
[EventCountry "FRA"]
[Source "lmi"]
[SourceDate "2005.08.05"]

1. d4 g6 2. Nf3 Bg7 3. Bf4 d6 4. e3 Nd7 5. Nbd2 e5 6. Bg3 Nh6 7. Bh4 f6 8. dxe5
dxe5 9. Bc4 Qe7 10. e4 Nf7 11. O-O Nd6 12. Bb3 Nc5 13. Qe2 a5 14. Qe3 Nxb3 15.
axb3 b6 16. Rfd1 Bb7 17. Ne1 h5 18. f3 Bh6 19. Qe2 O-O 20. Nd3 Rad8 21. Bf2
Rfe8 22. Nf1 f5 23. exf5 Nxf5 24. Re1 e4 25. fxe4 Bxe4 26. Rad1 Qf8 27. Qxe4
Rxe4 28. Rxe4 Re8 29. Ne5 Qg7 30. Rde1 Bg5 31. Nd3 Rxe4 32. Rxe4 Qd7 33. h3 Bf6
34. Ng3 Nd6 35. Re2 a4 36. bxa4 Qxa4 37. b3 Qa2 38. Nf4 h4 39. Nf1 Qa6 40. Re1
Kf7 41. Nd5 Bd8 42. Nh2 Qb5 43. Nf4 Qc6 44. Re2 Bf6 45. Ng4 Ne4 46. Nd3 Qd5 47.
Nxf6 Kxf6 48. Bxh4+ g5 49. Be1 c5 50. Nf2 Nd6 51. Bc3+ Kf7 52. Nd3 Ne4 53. Be1
c4 54. bxc4 Qd4+ 55. Bf2 Nxf2 56. Rxf2+ Ke6 57. g3 Qxc4 58. h4 gxh4 59. Nf4+
Kf5 60. Ng2+ Kg5 1/2-1/2

[Event "12. Open International d'été de Nice"]
[Site "Niza FRA"]
[Date "2005.08.05"]
[Round "6.9"]
[White "Boursier, Julien"]
[Black "Baquero, Luis A"]
[Result "1-0"]
[WhiteElo "2060"]
[BlackElo "2301"]
[PlyCount "57"]
[EventDate "2005.08.01"]
[EventType "swiss"]
[EventCountry "FRA"]
[Source "lmi"]
[SourceDate "2005.08.05"]

1. d4 Nf6 2. Nf3 g6 3. Bg5 Ne4 4. Bh4 Bg7 5. Nbd2 d5 6. e3 c5 7. c3 Nxd2 8.
Qxd2 cxd4 9. exd4 Nc6 10. Bd3 Bg4 11. Qf4 Bxf3 12. Qxf3 O-O 13. O-O Qd7 14. Qe2
f6 15. f4 e5 16. fxe5 fxe5 17. dxe5 Bxe5 18. Rxf8+ Rxf8 19. Rf1 Rxf1+ 20. Qxf1
Qd6 21. h3 Bh2+ 22. Kh1 Bf4 23. Bc2 Kg7 24. Qb5 b6 25. Bb3 d4 26. Qc4 d3 27.
Qg8+ Kh6 28. Bf6 Qc7 29. Qf8+ 1-0

[Event "12. Open International d'été de Nice"]
[Site "Niza FRA"]
[Date "2005.08.05"]
[Round "6.10"]
[White "Byklum, Bjornar"]
[Black "Monsieux, Sebastien"]
[Result "1-0"]
[WhiteElo "2283"]
[BlackElo "2059"]
[PlyCount "57"]
[EventDate "2005.08.01"]
[EventType "swiss"]
[EventCountry "FRA"]
[Source "lmi"]
[SourceDate "2005.08.05"]

1. e4 c5 2. Nf3 g6 3. d4 cxd4 4. Qxd4 Nf6 5. Bb5 a6 6. Ba4 b5 7. e5 Nc6 8. Qh4
Nxe5 9. Nxe5 Qa5+ 10. Nc3 bxa4 11. Nc4 Qc7 12. O-O Bg7 13. Re1 d6 14. Nb6 Qxb6
15. Rxe7+ Kf8 16. Bh6 Nh5 17. Nd5 Qd8 18. Rae1 Be6 19. R1xe6 Bxh6 20. Rf6 Qxe7
21. Nxe7 Nxf6 22. Qxf6 Bg7 23. Qxd6 Re8 24. Nxg6+ Kg8 25. Ne7+ Kf8 26. Nf5+ Kg8
27. Kf1 Bxb2 28. Qg3+ Kf8 29. c3 1-0